Score 0/7 Timer 03:00
0 Plays Today
Question Answer Wrong Answers
US President Franklin D. Roosevelt signs a bill formalizing the date of this holiday as the fourth Thursday in November.
1941
Thanksgiving Day
93.1%
Veterans Day
3.6%
Boxing Day
1.6%
All Saints' Day
0.3%
This man becomes the first British Prime Minister to address a joint meeting of the US Congress, warning that the Axis would “stop at nothing”.
1941
Winston Churchill
91.2%
Clement Attlee
0.9%
Anthony Eden
0.7%
Neville Chamberlain
5.5%
This film starring Linda Blair, which would become the first horror film to be nominated for a Best Picture Oscar, is released.
1973
The Exorcist
88%
Halloween
1.2%
Rosemary’s Baby
6.8%
The Omen
2%
This communist revolutionary, the founding father of the People's Republic of China, is born.
1893
Mao Zedong
87%
Hua Guofeng
0.9%
Hu Yaobang
1.1%
Chiang Kai-shek
10.6%
One day after this Soviet leader resigns, the Supreme Soviet of the Soviet Union meets to formally dissolve the USSR.
1991
Mikhail Gorbachev
79.9%
Boris Yeltsin
11.2%
Vladimir Putin
2.3%
Nikita Khrushchev
4.4%
After famously crossing this river the night prior, George Washington leads the Continental Army to a small, but pivotal victory in the Battle of Trenton.
1776
Delaware River
78.2%
Potomac River
19.4%
Red River
0.9%
Ohio River
1.5%
This American boxer, nicknamed the Galveston Giant, TKOs Tommy Burns in 14 rounds, becoming the first African American heavyweight boxing champion.
1908
Jack Johnson
67.3%
Sugar Ray Robinson
13.2%
Muhammad Ali
5.5%
Joe Frazier
12.8%
Remove Ads.
Support Sporcle.
Get the best of Sporcle when you Go Orange. This ad-free experience offers more features, more stats, and more fun while also helping to support Sporcle. Thank you for becoming a member.

You're not logged in!

Compare scores with friends on all Sporcle quizzes.
OR
Log In

Show Comments

Extras

Top Quizzes Today


Score Distribution

Your Account Isn't Verified!

In order to create a playlist on Sporcle, you need to verify the email address you used during registration. Go to your Sporcle Settings to finish the process.

Report this User

Report this user for behavior that violates our Community Guidelines.

Details: